Visualizzazione normale
Vista MARC
- Basie Count
di Personal Name
Records bibliografici associati: 1
001 - CONTROL NUMBER
- control field: 13746
003 - CONTROL NUMBER IDENTIFIER
- control field: IT-RoPau
005 - DATE AND TIME OF LATEST TRANSACTION
- control field: 20140217144848.0
008 - FIXED-LENGTH DATA ELEMENTS
- fixed length control field: 140217|| aca||aabn | a|a d
040 ## - CATALOGING SOURCE
- Original cataloging agency: IT-RoPau
- Transcribing agency: IT-RoPau
100 ## - HEADING--PERSONAL NAME
- Personal name: Basie Count
- Miscellaneous information: Codice interprete SPICS: 10545
- Relator term: Interprete
670 ## - SOURCE DATA FOUND
- Source citation: Work cat.: (IT-RoPau)102479: AA.VV. 794, Count Basie Live 1954